Hospital hygiene / (Record no. 4163)
[ view plain ]
| 000 -LEADER | |
|---|---|
| fixed length control field | 00776nam a22002771a 4500 |
| 001 - CONTROL NUMBER | |
| control field | 011133890 |
| 003 - CONTROL NUMBER IDENTIFIER | |
| control field | UkOxU |
| 005 - DATE AND TIME OF LATEST TRANSACTION | |
| control field | 20220318091619.0 |
| 008 - FIXED-LENGTH DATA ELEMENTS--GENERAL INFORMATION | |
| fixed length control field | 941220s1985 enk 000 0 eng d |
| 015 ## - NATIONAL BIBLIOGRAPHY NUMBER | |
| National bibliography number | GB 84-11437 |
| 020 ## - INTERNATIONAL STANDARD BOOK NUMBER | |
| International Standard Book Number | 0713144432 |
| 035 ## - SYSTEM CONTROL NUMBER | |
| System control number | CURL 018542009541(Cam) from nsc25 |
| 040 ## - CATALOGING SOURCE | |
| Transcribing agency | ALUPE UNIVERSITY |
| 049 ## - LOCAL HOLDINGS (OCLC) | |
| Holding library | CU |
| Local processing data | b |
| 050 ## - LIBRARY OF CONGRESS CALL NUMBER | |
| Classification number | RA969 |
| Item number | .M3 1985 |
| 092 ## - LOCALLY ASSIGNED DEWEY CALL NUMBER (OCLC) | |
| Classification number | D0502065518 |
| 100 1# - MAIN ENTRY--PERSONAL NAME | |
| Personal name | Maurer, Isobel M. |
| Fuller form of name | (Isobel Mary) |
| 245 10 - TITLE STATEMENT | |
| Title | Hospital hygiene / |
| Statement of responsibility, etc. | Isobel M. Maurer |
| 250 ## - EDITION STATEMENT | |
| Edition statement | 3rd ed |
| 260 ## - PUBLICATION, DISTRIBUTION, ETC. | |
| Place of publication, distribution, etc. | London : |
| Name of publisher, distributor, etc. | Edward Arnold, |
| Date of publication, distribution, etc. | 1985 |
| 300 ## - PHYSICAL DESCRIPTION | |
| Extent | viii, 152 p ; |
| Dimensions | 23 cm |
| 500 ## - GENERAL NOTE | |
| General note | Previous ed.: 1978 |
| 650 #0 - SUBJECT ADDED ENTRY--TOPICAL TERM | |
| Topical term or geographic name entry element | Hospital buildings |
| General subdivision | Sanitation |
| 942 ## - ADDED ENTRY ELEMENTS (KOHA) | |
| Source of classification or shelving scheme | |
| Koha item type | Book |
| Suppress in OPAC | DO |
| Withdrawn status | Lost status | Source of classification or shelving scheme | Damaged status | Not for loan | Permanent Location | Current Location | Shelving location | Date acquired | Source of acquisition | Total Checkouts | Full call number | Barcode | Date last seen | Price effective from | Koha item type | Public note |
|---|---|---|---|---|---|---|---|---|---|---|---|---|---|---|---|---|
| AU LIBRARY | AU LIBRARY | Open Shelf | 18.03.2022 | DONATION FROM MOI UNIVERSITY | RA969 .M3 1985 | 28006097 | 18.03.2022 | 18.03.2022 | Book | DO |